|
|
|
|
| LEADER |
00000nam0a2200000 4500 |
| 001 |
157427 |
| 005 |
20231101221949.0 |
| 035 |
|
|
|a (RuTPU)RU\TPU\book\170766
|
| 090 |
|
|
|a 157427
|
| 100 |
|
|
|a 20090408d1957 m y0rusy50 ca
|
| 101 |
0 |
|
|a rus
|
| 102 |
|
|
|a RU
|
| 105 |
|
|
|a a z 001zy
|
| 200 |
1 |
|
|a Поперечная прокатка в машиностроении
|f под ред. В. С. Целикова, В. С. Смирнова
|
| 210 |
|
|
|a Москва
|c Машгиз
|d 1957
|a Ленинград
|
| 215 |
|
|
|a 374 с.
|c ил.
|
| 320 |
|
|
|a Библиогр.: с. 369-371.
|
| 610 |
1 |
|
|a машиностроение
|
| 610 |
1 |
|
|a металлы
|
| 610 |
1 |
|
|a прокатка
|
| 610 |
1 |
|
|a поперечная прокатка
|
| 610 |
1 |
|
|a деформация
|
| 610 |
1 |
|
|a ковка
|
| 610 |
1 |
|
|a технологические процессы
|
| 610 |
1 |
|
|a кинематика
|
| 610 |
1 |
|
|a оборудование
|
| 610 |
1 |
|
|a зубчатые колеса
|
| 675 |
|
|
|a 621.7
|v 3
|
| 702 |
|
1 |
|a Целиков
|b А. И.
|c специалист в области металлургии
|c академик АН СССР, Герой Социалистического Труда
|f 1904-1984
|g Александр Иванович
|2 stltpush
|3 (RuTPU)RU\TPU\pers\9742
|4 340
|9 1979
|
| 702 |
|
1 |
|a Смирнов
|b В. С.
|g Василий Сергеевич
|4 340
|
| 801 |
|
1 |
|a RU
|b 63413507
|c 20090408
|g PSBO
|
| 801 |
|
2 |
|a RU
|b 63413507
|c 20210609
|g PSBO
|
| 942 |
|
|
|c BK
|